Webster's biographical dictionary: a dictionary of names of noteworthy persons with pronunciations and concise biographies

Saved in:
Bibliografiske detaljer
Format: Bog
Sprog:engelsk
Udgivet: Springfield G. Merriam 1956
Udgivelse:5a. ed
Fag:
Tags: Tilføj Tag
Ingen Tags, Vær først til at tagge denne postø!

MARC

LEADER 00000nam a2200000 a 4500
001 UCT3363
003 CL-VaPUC
008 961018e19560000US |||||||||||||||||eng|d
082 0 4 |a 920  |b WEB  |2 21 
245 1 0 |a Webster's biographical dictionary: a dictionary of names of noteworthy persons with pronunciations and concise biographies 
250 |a 5a. ed 
300 |a 1697 p 
942 |c BK 
945 |d 19961018 00:00:00  |a lriquelm 
260 |a Springfield  |b G. Merriam  |c 1956 
650 0 |a Biografías  |9 255210 
650 0 |a Diccionarios  |9 256200 
650 0 |a Inglés  |9 260023 
650 0 |a Glosarios  |9 261047 
583 |a last modification  |c 19961018 00:00:00  |k Rodrigo Vera 
999 |c 253043  |d 253041 
952 |0 0  |1 0  |4 0  |6 920_000000000000000_WEB_1956  |7 0  |8 X  |9 273468  |a BIBCUR  |b BIBCUR  |d 2019-11-19  |i 1774255  |o 920 WEB 1956  |p 1774255  |r 2025-04-22  |w 2019-11-19  |y BK_X  |k BCB